000 00456nam a22001697a 4500
005 20251108164149.0
008 250721s9999 xx 000 0 ara d
082 1 4 _a218,7/اعل
100 1 _aالمودودي، أبو الأعلى
245 1 0 _aالحجاب /
264 1 _aالقاهرة :
_bدار الفكر العربي،
_c[19-].
300 _a221ص
650 1 7 _aالإسلام
650 1 7 _aالشعائر
942 _2ddc
_cBK
999 _c5245
_d5245